000 01364cam a22003617a 4500
003 CHAP
005 20220329142404.0
008 001110d2000 mx a r 00110 spa d
010 _a82767
011 _a83739
035 _a94255
040 _cCHAP
090 _aTesis
100 0 0 _aRomero López, Blanca Estela.
_999612
245 1 0 _aIdentificación, estudio biológico y poblacional de la cochinilla silvestre Dactylopius opuntiae (Homoptera : Dactylopius) en Bermejillo, Durango
_c/por Blanca Estela Romero López
260 _aBermejillo, Dgo. :
_bEl autor,
_c2000.
300 _a76 h. :
_bilus.
502 _aTesis (Ing. Agr. en Sistemas Agrícolas de Zonas Aridas) -- UACH. Unidad Regional Universitaria de Zonas Aridas
590 _aALEPH
_b10
_c20130110
_lUCH01
_h1439
590 _aBATCH-UPD
_b10
_c20130110
_lUCH01
_h0824
590 _aBATCH-UPD
_b10
_c20130410
_lUCH01
_h0502
590 _aBATCH-UPD
_b10
_c20130914
_lUCH01
_h0954
590 _aCONVERSION
_b10
_c20130109
_lUCH01
_h1346
650 1 4 _aCochinilla del nopal.
_924209
650 1 4 _aInsectos
_xBiología.
_958897
650 1 4 _aInsectos
_xIdentificación.
_958929
650 1 4 _aPigmentos animales.
_988056
901 _aBK
905 _aLilia Sánchez G.
942 _cFOLL
949 _bBC
_cTES
_d33724000804258
_eTS2
_fc.2
_h37412
_i94255
_si
949 _bBC
_cTES
_d942551
_eTS1
_h37411
_i94255
_sb
999 _c82767
_d82767